000
00395nam a22001577a 4500
003
MPLRDC
005
20220104114226.0
008
210129b ||||| |||| 00| 0 eng d
082
_a
857.49 CXQ-5
100
_a
不详
245
_a
红楼梦故事连环画
_c
260
_a
_b
美术漫画出版社
_c
300
_b
平
650
_a
话本小说及章回--红楼梦
942
_c
BK
_o
857.49 CXQ-5
999
_c
5810
_d
5800